000 01451nam0a2200337 4500
001 RU\NLR\bibl\846606
005 20260405121943.0
010 _a5-462-00406-0
_915000
021 _aRU
_b2005-22995
_91169
035 _a(NLR Aleph) 000835382
090 _a1386909
_c1386909
100 _a20050930d2005 |||y0rusy50 ca
101 0 _arus
102 _aRU
105 _aa |||||||||
200 1 _aПодарки на все случаи жизни
_fФ. Филиппов, И. Воробьев, И. Алексеев [и др.]
210 _aМосква
_cАСТ-ПРЕСС КНИГА
_d2005
215 _a318,[1] с.
_cил.
_d16
225 1 _aЗолотая коллекция тамады
606 1 _aПодарки
_xЭтнографические исследования
_92261839
_3RU\NLR\auth\661356120
686 _aТ52(2=Р)-524.1
701 1 _4070
_8rus
_7ca
_aФилиппов
_bФ. В.
_cпоэт
_gФедор Владимирович
_3RU\NLR\auth\7725069
_98118
701 1 _4070
_8rus
_7ca
_aВоробьев
_bИ. А.
_cпоэт
_f1950-2007
_gИлья Анатольевич
_3RU\NLR\AUTH\7747879
_930814
701 1 _4070
_8rus
_7ca
_aАлексеев
_bИ. В.
_cжурналист, писатель
_f1967-
_gИгорь Владимирович
_3RU\NLR\AUTH\7747881
_930816
801 0 _aRU
_bNLR
_c20050930
_grcr
801 1 _aRU
_bNLR
_c20050930
830 _aАвт. по кн.
942 _cBOOK
980 _aNB